| 000 | 03403nam a22003377a 4500 | ||
|---|---|---|---|
| 005 | 20240305165624.0 | ||
| 007 | cr|||| |||| | ||
| 008 | 220118s2021 eu |||||s||||i00||0 eng d | ||
| 020 | _a978-92-76-20013-0 | ||
| 035 | _a34355 | ||
| 040 | _avLex | ||
| 090 |
_c12847 _d12847 |
||
| 100 | 1 | _aClemm, Christan | |
| 245 | 1 | 0 |
_aStudy to support the review of the list of restricted substances and to assess a new exemption request under RoHS 2 (Pack 15) _h[Recurso electrónico] : _bFinal report / _cChristan Clemm, Clara Löw, Yifaat Baron, Katja Moch, Martin Möller, Andreas R. Köhler, Carl-Otto Gensch, Otmar Deubzer |
| 256 | _aServicio en línea | ||
| 260 |
_aBruselas: _bEuropean Union Publications Office, _c2021 |
||
| 300 | _a1 recurso electrónico | ||
| 500 | _aThe key provisions of Directive 2011/65/EU (RoHS 2) can be found in Article 4(1), requiring Member States to ensure that electrical and electronic equipment (EEE) placed on the market, including cables and spare parts, does not contain the substances listed in Annex II (restricted substances) in excess of the specified maximum tolerated value in the homogeneous material. The directive annex initially listed the following substances: lead, mercury, cadmium, hexavalent chromium, polybrominated biphenyls and polybrominated diphenyl ethers. Article 6 of RoHS 2 requires that the list of restricted substances in Annex II be reviewed periodically and stipulates rules for amending the list. A first review of the annex was performed in the course of two studies between 2012 and 2014, resulting in the addition of four phthalates to the annex (the restrictions entered into force as of 2019). Under Framework Contract no. ENV.A.2/FRA/2015/0008 of 27/03/2015, a consortium led by Oeko-Institut was requested by DG Environment of the European Commission to prepare a study to support the review of the list of restricted substances and to provide technical and scientific support for the evaluation of exemption requests under the RoHS 2 regime. The work was undertaken by Oeko-Institut together with the Fraunhofer Institute IZM. The work was requested with a view to providing technical and scientific support for the following tasks: - Part 1: Substance review: â Task 1: Update of the existing methodology to identify and assess substances for possible restriction; â Task 2: Assess substances with a view to their possible future restriction; â Task 3: Determination of the quantitative usage data for substances used in EEE; - Part 2: Exemption evaluation: â Task 4: Exemption methodology â Task 5: Exemption assessment - A horizontal task (task 6) was devoted to the consultation of stakeholders throughout the project. | ||
| 506 | 1 |
_aDisponible solo en los productos indicados _dvLex Global _dvLex Global (Academic Edition, excluding Law Schools) _dvLex Global (U.S. Academic Edition, Law Schools) _dvLex Global (U.S. Academic Edition, excluding Law Schools) _dvLex Global (Academic Edition, Law Schools) |
|
| 650 | 0 | 4 |
_aDerecho del Medio Ambiente _zUnión Europea |
| 700 | 1 | _aLöw, Clara | |
| 700 | 1 | _aBaron, Yifaat | |
| 700 | 1 | _aMoch, Katja | |
| 700 | 1 | _aMöller, Martin | |
| 700 | 1 | _aKöhler, Andreas R. | |
| 700 | 1 | _aGensch, Carl-Otto | |
| 700 | 1 | _aDeubzer, Otmar | |
| 740 | 0 | _avLex Libros (Servicio en línea) | |
| 856 | 4 | 0 | _uhttps://app.vlex.com/#/sources/34355 |
| 942 | _cRAA | ||
| 999 |
_c171083 _d171083 |
||